000 00297nam a22001337a 4500
020 _a81-7622-057-4
041 _aENG
100 _aRussell.E.W
245 _aSoil Conditions And Plant Growth
260 _aDelhi
_bBiotech Books
_c2001
300 _a635
650 _aSWCE
856 _uSWCE ( 24 )
999 _c1847
_d1847